=LDR 00000nam 2200000 4500 =001 INLIS000000000014518 =005 20130612105810 =008 ***********************************Ind** =035 ##$$a0010-061300000014518 =041 ##$$a Ind =082 ##$$a 307.7 =090 ##$$a 307.7, Rit t =100 ##$$a Ritser, Goerge =245 ##$$a Teori sosiologi modern, Geoerge Ritser dan Douglas J. Goodman ; penerjemah, Alimanda ; Editor, Tribowo budi santoso =260 ##$$a 2004 $b jakarta =300 ##$$a xii, 788 hlm, Ilua, 24 cm =650 ##$$a Sosiologi modern =700 ##$$a Gooodman, Douglas J =850 ##$$a NBPNMAT =990 ##$$a 92986/BPAP-NTB/2014 =990 ##$$a 30500184 =990 ##$$a 30500183 =990 ##$$a 30500185 =990 ##$$a 30500186 =990 ##$$a 92986/BPAP-NTB/2014